Statistics for US States Quiz - Vowels

Click here to take the quiz!

General Stats

  • This quiz has been taken 42 times
  • The average score is 38 of 50

Answers on the Map

Answers color-coded by a green-red scale on the quiz's map according to % correct below.
 

Answer Stats

ae% Correct
aa
97%
aa
97%
aa
97%
Aaa
97%
Aaa
97%
oi
90%
Aaaa
87%
Oeo
87%
oia
87%
aio
83%
Aioa
83%
aioia
83%
ea
83%
eaa
83%
eaa
83%
eo
83%
iia
83%
iiia
83%
e ee
80%
eoia
80%
Oaoa
80%
o aoa
80%
ooao
77%
eeee
73%
e eio
73%
e iiia
73%
eu
73%
iiii
73%
Iioi
73%
Ioa
73%
ioi
73%
oaa
73%
o aoia
73%
ou aoia
73%
ouiiaa
73%
Iao
70%
ieoa
70%
Iiaa
70%
Oio
70%
ou aoa
70%
Ua
70%
aie
67%
eaae
67%
aaue
63%
eaia
60%
e aie
60%
ioui
60%
oeiu
60%
oe Ia
57%
e o
50%

Score Distribution

Percentile by Number Answered

Percent of People with Each Score

Your Score History

You have not taken this quiz